01208cam a22003137a 4500999001700000001000900017005001700026008004100043010001700084015001500101016001900116020003300135035001800168040004700186042001400233050002300247245007300270260009400343300004400437500011700481504004100598650003300639650005300672650005300725700002000778700002000798710004200818942003400860 c25703d257031334253520170201102101.0030912s2003 nyua bc 000 0 eng d a 2003112777 aGBA3-V63357 a08707009522Uk a0870700952 (pbk.) :c£18.95 a(DLC)13342535 aStDuBDScStDuBDSdUkdCStRLINdNNMoMAdDLC alccopycat00aNA6230b.T338 200300aTall buildings /cpreface by Terence Riley ; essay by Guy Nordenson. aNew York :bMuseum of Modern Art :bDistributed in the U.S. and Canada by D.A.P.,cc2003. a192 p. :bill. (chiefly col.) ;c31 cm. aCatalog of an exhibition held at MoMA QNS, July 16-Sept. 27, 2004, organized by Terence Riley and Guy Nordenson. aIncludes bibliographical references. 0aTall buildingsvExhibitions. 0aArchitecture, Moderny20th centuryvExhibitions. 0aArchitecture, Moderny21st centuryvExhibitions.1 aRiley, Terence.1 aNordenson, Guy.2 aMuseum of Modern Art (New York, N.Y.) 2lcccBOOKShNA6230 .T338 2003